Central Library OPAC University of Rajshahi

Christian missions in Nigeria, 1841-1891 : (Record no. 31056)

MARC details
000 -LEADER
fixed length control field 00843nam a2200265K 4500
001 - CONTROL NUMBER
control field 31056
003 - CONTROL NUMBER IDENTIFIER
rucl marc code BD-RjUL
005 - DATE AND TIME OF LATEST TRANSACTION
control field 20211209051644.0
008 - FIXED-LENGTH DATA ELEMENTS--GENERAL INFORMATION
fixed length control field 140413s1965 enkab b 00100 eng d
035 ## - SYSTEM CONTROL NUMBER
System control number (BD-RjUL)31143
040 ## - CATALOGING SOURCE
Original cataloging agency BOS
Transcribing agency BOS
Modifying agency BZM
-- BD-RjUL
Language of cataloging eng
041 ## - LANGUAGE CODE
Language code of text/sound track or separate title eng
082 ## - DEWEY DECIMAL CLASSIFICATION NUMBER
Classification number 266.009669
Author mark and year AJC 1965
090 ## - LOCALLY ASSIGNED LC-TYPE CALL NUMBER (OCLC); LOCAL CALL NUMBER (OCLC)
Classification number (OCLC) (R) ; Classification number, CALL (RLIN) (NR) BV3625.N5
Local cutter number (OCLC) ; Book number/undivided call number, CALL (RLIN) A7 1965
100 1# - MAIN ENTRY--PERSONAL NAME
Personal name Ajayi, J. F. Ade.
9 (RLIN) 83719
245 10 - TITLE STATEMENT
Title Christian missions in Nigeria, 1841-1891 :
Remainder of title the making of a new elite /
Statement of responsibility, etc. by J. F. Ade Ajayi.
260 ## - PUBLICATION, DISTRIBUTION, ETC. (IMPRINT)
Place of publication, distribution, etc. London :
Name of publisher, distributor, etc. Longmans,
Date of publication, distribution, etc. c1965.
300 ## - PHYSICAL DESCRIPTION
Pagination xvi, 317 p. :
Illustrations illus., maps ;
Size 22 cm.
490 0# - SERIES STATEMENT
Series statement Ibadan history series
500 ## - GENERAL NOTE
General note Revision of thesis--University of London.
504 ## - BIBLIOGRAPHY, ETC. NOTE
Bibliography, etc Bibliography: p. 278-293 and index.
650 #0 - SUBJECT ADDED ENTRY--TOPICAL TERM
Topical term or geographic name as entry element Missions
Geographic subdivision Nigeria.
9 (RLIN) 94417
700 1# - ADDED ENTRY--PERSONAL NAME
Personal name Dike, K. O. ed.
942 ## - ADDED ENTRY ELEMENTS (KOHA)
Source of classification or shelving scheme Dewey Decimal Classification
Koha item type Books
Holdings
Lost status Source of classification or shelving scheme Damaged status Not for loan Collection code Permanent Location Current Location Shelving location Date acquired Source of acquisition Cost, normal purchase price Total Checkouts Full call number Date last seen Copy number Koha item type
  Dewey Decimal Classification     Non-fiction Central Library, University of Rajshahi Central Library, University of Rajshahi   27/12/1968 Zitlinger 35.00   266.009669 AJC 1965 13/04/2014 C-2 Books